000 00341nam a22001217a 4500
003 OSt
005 20260211110213.0
008 260211b |||||||| |||| 00| 0 eng d
040 _cTALC
082 _a362.1969792
_bBYA
245 _aJOURNEYS OF FAITH
_bChurch-based responses to HIV and AIDS in three Southern African Countries
942 _2ddc
_cBK
999 _c4156
_d4156